000 00957nam a22002537a 4500
005 20210820103523.0
007 ta
008 210820b2021 ||||| |||| 00| 0 eng d
020 _a 9789675887109
_chardback
040 _aAKMAL
082 _a343.0994 MSZ
090 _a343.0994
_bMSZ
100 0 _a Mohd. Sophian Zakaria,
_99274
245 1 0 _a KESALAHAN MEDIA SOSIAL :
_bMANUAL SIASATAN DAN PENDAKWAAN
_cMOHD SOPHIAN ZAKARIA, AKMAL HAMDY BAHARUDIN
264 1 _a Putrajaya :
_bJabatan Peguam Negara
_c2021
300 _a ix, 94 pages :
_bcolour illustrations, colour photographs ;
_c22 cm
650 1 0 _aSocial media
_xLaw and legislation
_99275
650 2 0 _aInternet
_x Law and legislation
_99276
650 2 0 _a Digital media
_xLaw and legislation
_99277
650 2 0 _aDigital communications
_xLaw and legislation
_99278
650 2 0 _aGovernment publications
_zMalaysia
_99279
700 _aAkmal Hamdy Baharudin,
_eauthor.
_99280
942 _2ddc
_cBOOK
999 _c4896
_d4896